| 000 | 01066aam a2200229 a 4500 | ||
|---|---|---|---|
| 008 | |||
| 020 | _a9211312175(pbk. ) | ||
| 049 | _aMAIN | ||
| 090 | _aHE311 IMP | ||
| 245 | 0 | 0 |
_aImprovement of urban public transport in developing countries : _breport of the regional seminar "strategic options for public transport improvement in large cities of developing countries" : Pune, India, 27-29 January 1993. |
| 260 |
_aNairobi : _bUnited Nations Centre for Human Settlements (Habitat), _c1994. |
||
| 300 |
_aiv, 108 p. : _bmap ; _c21 cm. |
||
| 650 | 0 |
_aUrban transportation _zDeveloping countries _xCongresses. |
|
| 710 | 2 | _aUnited Nations Centre for Human Settlements. | |
| 710 | 2 | _aTata Economic Consultancy Services. | |
| 711 | 2 |
_aRegional Seminar on Strategic Options for Public Transport Improvements in Large Cities of Developing Countries _d(1993 : _cTata Management Training Centre) |
|
| 907 |
_a.b10206462 _b16-01-07 _c04-07-06 |
||
| 003 | |||
| 005 | 20230123134224.0 | ||
| 040 | _cNUST | ||
| 942 |
_cBOOKS _kHE311 IMP |
||
| 999 |
_c162138 _d162138 |
||